<?xml version="1.0" encoding="UTF-8"?><?xml-stylesheet type="text/xsl" href="static/style.xsl"?><OAI-PMH xmlns="http://www.openarchives.org/OAI/2.0/" xmlns:xsi="http://www.w3.org/2001/XMLSchema-instance" xsi:schemaLocation="http://www.openarchives.org/OAI/2.0/ http://www.openarchives.org/OAI/2.0/OAI-PMH.xsd"><responseDate>2026-04-17T03:48:58Z</responseDate><request verb="GetRecord" identifier="oai:www.recercat.cat:2117/419881" metadataPrefix="marc">https://recercat.cat/oai/request</request><GetRecord><record><header><identifier>oai:recercat.cat:2117/419881</identifier><datestamp>2025-07-17T06:49:18Z</datestamp><setSpec>com_2072_1033</setSpec><setSpec>col_2072_452950</setSpec></header><metadata><record xmlns="http://www.loc.gov/MARC21/slim" xmlns:dcterms="http://purl.org/dc/terms/" xmlns:xsi="http://www.w3.org/2001/XMLSchema-instance" xmlns:doc="http://www.lyncode.com/xoai" xsi:schemaLocation="http://www.loc.gov/MARC21/slim http://www.loc.gov/standards/marcxml/schema/MARC21slim.xsd">
   <leader>00925njm 22002777a 4500</leader>
   <datafield ind2=" " ind1=" " tag="042">
      <subfield code="a">dc</subfield>
   </datafield>
   <datafield ind2=" " ind1=" " tag="720">
      <subfield code="a">Rosselló i Nicolau, Maribel</subfield>
      <subfield code="e">author</subfield>
   </datafield>
   <datafield ind2=" " ind1=" " tag="260">
      <subfield code="c">2024-11</subfield>
   </datafield>
   <datafield ind2=" " ind1=" " tag="520">
      <subfield code="a">Les cases Amatller i Casarramona representen dos plantejaments diferents en la relació entre&#xd;
la casa i la ciutat en Puig i Cadafalch. Són dos projectes que sintetitzen contundentment&#xd;
l’evolució del pensament i de l’obra de Puig i ens permeten entendre la implicació urbana de&#xd;
moltes altres cases.&#xd;
Una implicació urbana que no planteja de la mateixa manera al llarg de la seva trajectòria&#xd;
professional. A inicis del segle XX, les obres que fa a Barcelona són un manifest contra la&#xd;
monotonia i homogeneïtat de l’Eixample i, sobretot, contra les eines de gestió per porta’l a&#xd;
terme. Als anys vint, en canvi, la seva obra accepta el seu rol urbà i assumeix la seva expressió&#xd;
cívica a través del classicisme. Dues lectures que es palesen clarament a través de les dues&#xd;
cases fetes amb vint anys de diferència i, paradoxalment, situades una al davant de l’altra al&#xd;
passeig de Gràcia.&#xd;
Ambdues obres són reformes d’edificis existents que eren pràcticament idèntics i en els que&#xd;
Puig intervé de manera molt diferent. En aquest article mostrem, a partir de l’anàlisi dels&#xd;
projectes originals i de les intervencions realitzades per Puig, com es transformen un i altre&#xd;
edificis per a donar cabuda als habitatges singulars. Dues solucions que són peces d’una&#xd;
manera d’entendre la realitat urbana diferent, que ens permeten visualitzar canvis significatius&#xd;
en el plantejament disciplinar de l’edifici residencial urbà representatiu i, per últim, que&#xd;
evidencien com canvien els valors i els costums vinculats a la casa en els vint anys que les&#xd;
separa.</subfield>
   </datafield>
   <datafield ind2=" " ind1=" " tag="520">
      <subfield code="a">Postprint (published version)</subfield>
   </datafield>
   <datafield tag="653" ind2=" " ind1=" ">
      <subfield code="a">Àrees temàtiques de la UPC::Arquitectura::Arquitectes</subfield>
   </datafield>
   <datafield tag="653" ind2=" " ind1=" ">
      <subfield code="a">Àrees temàtiques de la UPC::Arquitectura::Composició arquitectònica::Estils arquitectònics</subfield>
   </datafield>
   <datafield tag="653" ind2=" " ind1=" ">
      <subfield code="a">Josep Puig i Cadafalch</subfield>
   </datafield>
   <datafield tag="653" ind2=" " ind1=" ">
      <subfield code="a">Eixample</subfield>
   </datafield>
   <datafield tag="653" ind2=" " ind1=" ">
      <subfield code="a">Barcelona</subfield>
   </datafield>
   <datafield tag="653" ind2=" " ind1=" ">
      <subfield code="a">arquitectura residencial</subfield>
   </datafield>
   <datafield tag="653" ind2=" " ind1=" ">
      <subfield code="a">modernisme</subfield>
   </datafield>
   <datafield tag="653" ind2=" " ind1=" ">
      <subfield code="a">noucentisme</subfield>
   </datafield>
   <datafield tag="653" ind2=" " ind1=" ">
      <subfield code="a">reformes</subfield>
   </datafield>
   <datafield tag="653" ind2=" " ind1=" ">
      <subfield code="a">palau urbà</subfield>
   </datafield>
   <datafield tag="653" ind2=" " ind1=" ">
      <subfield code="a">edifici en alçada</subfield>
   </datafield>
   <datafield ind2="0" ind1="0" tag="245">
      <subfield code="a">De la casa Amatller (1898-1900) a la casa Casarramona (1921-1924)</subfield>
   </datafield>
</record></metadata></record></GetRecord></OAI-PMH>